| 000 | 00689cam a22002413a 4500 | ||
|---|---|---|---|
| 001 | 23569 | ||
| 003 | PGUSA | ||
| 005 | 20140828083513.0 | ||
| 008 | 071120s2007||||xxu|||||s|||||000 | eng d | ||
| 040 |
_aPGUSA _beng |
||
| 042 | _adc | ||
| 050 | 4 | _aPZ | |
| 100 | 1 | _aBurnett, Alice Hale | |
| 245 | 1 | 0 |
_aChristmas Holidays at Merryvale : _bThe Merryvale Boys _h[electronic resource] / _cAlice Hale Burnett |
| 260 |
_bProject Gutenberg, _c2007 |
||
| 506 | _aPublic domain in the USA. | ||
| 516 | _aElectronic text | ||
| 653 | _aChristmas stories | ||
| 700 | 1 | _aLester, Charles F. | |
| 830 | 0 |
_aProject Gutenberg _v23569 |
|
| 856 | 4 | 0 | _uhttp://www.gutenberg.org/ebooks/23569 |
| 942 | _cEB | ||
| 999 |
_c252824 _d252824 |
||